• 首页
  • 本馆介绍
  • 公告通知
  • 最新文献
  • 馆藏检索
  • 电子资源
  • 读者导购
  • 参考咨询
  • 我的图书馆
  • 登录
  • 详细信息显示
  • 放入我的书架
  • 预约/预借图书
  • 作者相关作品
  • 分类相关作品
  • 丛书相关作品
  • 出版社相关作品

书目信息

  • 表格格式
  • 工作单格式
  • 卡片格式
题名:
毛泽东思想在建国后的国际战略思想及其实践效应
    
 
作者: 李久林 著
分册:  
出版信息: 北京   中国社会科学出版社  2012.12
页数: 303页
开本: 24cm
丛书名:
单 册:
中图分类: A841.64
科图分类:
主题词: 毛泽东思想--国际政治--战略思想--研究
电子资源:
ISBN: 978-7-5161-1318-9
000 01307nam0 2200253 45
001 1360069952
005 20130530094553.70
010    @a978-7-5161-1318-9@dCNY58.00
100    @a20130513d2012 em y0chiy0121 ea
101 0  @achi
102    @aCN@b110000
105    @ay a 000yy
106    @ar
200 1  @a毛泽东思想在建国后的国际战略思想及其实践效应@AMao Ze Dong Si Xiang Zai Jian Guo Hou De Guo Ji Zhan Lue Si Xiang Ji Qi Shi Jian Xiao Ying@f李久林著@FLi Jiu Lin Zhu
210    @a北京@c中国社会科学出版社@d2012.12
215    @a303页@d24cm
300    @a2007年国家社科基金项目 (项目号07BDJ006)
320    @a有书目 (第298-303页)
330    @a本书对毛泽东在新中国建立后的国际战略思想及实践进行了深入研究, 全面揭示了毛泽东国际战略思想对新中国巩固独立政权、逐步走向强国之路的指导价值。作者特别对毛泽东“抗美援朝”、“一边倒”、中印边界反击战、“一条线、一大片”、联美抗苏、珍宝岛反击战等国际战略决策作了重点探讨, 揭示了在不同时期毛泽东实施这些国际战略的必然性、必要性和它的实践效应。这些探讨纠正了近年来学术界一些人“天真”的想法, 或对毛泽东国际战略思想的歪曲攻击, 对正确理解和学习毛泽东国际战略思想具有重要价值。
606 0  @a毛泽东思想@x国际政治@x战略思想@x研究
690    @aA841.64@v5
701  0 @a李久林@ALi Jiu Lin@4著
801    @aCN@bTANGWEI@c20130522
905    @b0833764-67@dA841.64@e140@f4
    
    毛泽东思想在建国后的国际战略思想及其实践效应/李久林著.-北京:中国社会科学出版社,2012.12
    303页;24cm
    2007年国家社科基金项目 (项目号07BDJ006)
    
    ISBN 978-7-5161-1318-9:CNY58.00
    本书对毛泽东在新中国建立后的国际战略思想及实践进行了深入研究, 全面揭示了毛泽东国际战略思想对新中国巩固独立政权、逐步走向强国之路的指导价值。作者特别对毛泽东“抗美援朝”、“一边倒”、中印边界反击战、“一条线、一大片”、联美抗苏、珍宝岛反击战等国际战略决策作了重点探讨, 揭示了在不同时期毛泽东实施这些国际战略的必然性、必要性和它的实践效应。这些探讨纠正了近年来学术界一些人“天真”的想法, 或对毛泽东国际战略思想的歪曲攻击, 对正确理解和学习毛泽东国际战略思想具有重要价值。
●
相关链接 在E读中查询图书 在五车中查询图书 在当当中查询图书 在豆瓣中查询图书


正题名:毛泽东思想在建国后的国际战略思想及其实践效应     索取号:A841.64/140         预约/预借

序号 登录号 条形码 馆藏地/架位号 状态 备注
1 0833764   208337646   第一样本阅览室/ [索取号:A841.64/140] 在馆    
2 0833765   208337655   第一借阅区/ [索取号:A841.64/140] 在馆    
3 0833766   208337664   第一借阅区/ [索取号:A841.64/140] 在馆    
4 0833767   208337673   第一借阅区/ [索取号:A841.64/140] 在馆    
唐山师范学院图书馆 欢迎您!
大连网信软件有限公司© 版权所有